00333nam a22001457a 4500003000400000020001700004082001900021100001700040245002300057260003800080300000800118650001600126653002900142700001600171SGT a978620816187 a617.6342bC24G aGupta, Disha aCanal disinfection bLambert Academic Publishingc2024 a129 aEndodontics aSGT Faculty Publications aArya, Astha